000
00268nam a2200133Ia 4500
100
_a
Adabashev/I
650
_a
General
942
_c
BK
245
_a
Global Engineering
260
_b
Progress Publishers
_c
1966
082
_a
620
300
_a
237
546
_a
ENGLISH
999
_c
19107
_d
19107